हिन्द स्वराज/ (Record no. 199726)
[ view plain ]
| 000 -LEADER | |
|---|---|
| fixed length control field | 00778nam a22001937a 4500 |
| 005 - DATE AND TIME OF LATEST TRANSACTION | |
| control field | 20231220145949.0 |
| 010 ## - LCCN (DPL NO) | |
| LC control number | HIN-126590 |
| 020 ## - INTERNATIONAL STANDARD BOOK NUMBER | |
| International Standard Book Number | 9789390605101 |
| Terms of availability | 110.00 |
| 035 ## - SYSTEM CONTROL NUMBER | |
| System control number | HN-98936 |
| 037 ## - SOURCE OF ACQUISITION | |
| Source of stock number/acquisition | DBAD/PUB |
| 082 ## - DEWEY DECIMAL CLASSIFICATION NUMBER | |
| Classification number | 301.153 |
| 100 ## - MAIN ENTRY--PERSONAL NAME | |
| Personal name | महात्मा गाँधी |
| 245 ## - TITLE STATEMENT | |
| Title | हिन्द स्वराज/ |
| Statement of responsibility, etc | महात्मा गाँधी |
| 250 ## - EDITION STATEMENT | |
| Edition statement | 1 |
| 260 ## - PUBLICATION, DISTRIBUTION, ETC. (IMPRINT) | |
| Place of publication, distribution, etc | दिल्ली |
| Name of publisher, distributor, etc | प्रभाकर प्रकाशन |
| Date of publication, distribution, etc | 2021 |
| 270 ## - ADDRESS | |
| City | दिल्ली |
| Address | प्लाट न -55 मेन मदर डेयरी रोड पांडव नगर |
| Postal code | 110092 |
| 300 ## - PHYSICAL DESCRIPTION | |
| Extent | 88 पृ.; |
| Dimensions | 21 सेमी (अजिल्द ) |
| 942 ## - ADDED ENTRY ELEMENTS (KOHA) | |
| Source of classification or shelving scheme | Dewey Decimal Classification |
| Item type | Hindi Books |
| Classification part | 301.153 |
| Call number suffix | महात्मा |
| Withdrawn status | Lost status | Not for loan | Collection code | Home library | Current library | Date acquired | Source of acquisition | Cost, normal purchase price | Full call number | Barcode | Copy number | Cost, replacement price | Koha item type |
|---|---|---|---|---|---|---|---|---|---|---|---|---|---|
| Non-fiction | Ashok Vihar | Ashok Vihar | 20/12/2023 | DBAD/PUB | 110.00 | 301.153 महात्मा | HN-98936 | 1 | 110.00 | Hindi Books |
